[Event "Russian Championship B17 1st league 2016"]
[Site "Loo"]
[Date "2016.04.24"]
[Round "5.4"]
[White "Makarenko, Aleksandr"]
[Black "Vasilenok, Anton"]
[Result "1-0"]
[WhiteElo "1987"]
[BlackElo "2159"]
[PlyCount "57"]
[EventDate "2016.04.20"]

1. e4 c5 2. Nf3 d6 3. Bb5+ Bd7 4. Bxd7+ Qxd7 5. O-O Nc6 6. c3 Nf6 7. Re1 g6 8.
d4 cxd4 9. cxd4 Bg7 10. d5 Ne5 11. Nxe5 dxe5 12. Nc3 O-O 13. Qb3 Ne8 14. a4 Nd6
15. Nb5 f5 16. f3 a6 17. Nxd6 exd6 18. Bd2 Rf7 19. Rac1 Raf8 20. Qb6 fxe4 21.
Rxe4 Bf6 22. Bb4 Be7 23. b3 Qf5 24. Ree1 Qd7 25. Qc7 Rd8 26. Ba5 b5 27. Qxd7
Rxd7 28. Rc6 Ra7 29. Bb4 {далее запись неразбор~~ива} 1-0

[Event "Russian Championship B17 1st league 2016"]
[Site "Loo"]
[Date "2016.04.24"]
[Round "5.5"]
[White "Gitelson, Arkady"]
[Black "Valov, Eugeny"]
[Result "1/2-1/2"]
[WhiteElo "2123"]
[BlackElo "1970"]
[PlyCount "106"]
[EventDate "2016.04.20"]

1. Nf3 Nf6 2. g3 e6 3. Bg2 d5 4. O-O Be7 5. d4 O-O 6. c4 dxc4 7. Ne5 c5 8. dxc5
Qc7 9. Nxc4 Qxc5 10. b3 Rd8 11. Qc2 Nc6 12. Bb2 Qh5 13. Rd1 Bd7 14. Nc3 Rac8
15. Ne4 Nb4 16. Nxf6+ gxf6 17. Qe4 Bc6 18. Bf3 Bxe4 19. Bxh5 Nxa2 20. Rxd8+
Rxd8 21. f3 Bc2 22. Na5 Nb4 23. Nxb7 Rd1+ 24. Rxd1 Bxd1 25. Na5 Bxe2 26. Bd4 a6
27. Kf2 Bb5 28. f4 Nd3+ 29. Ke3 e5 30. fxe5 fxe5 31. Bb6 f5 32. Be2 Bg5+ 33.
Kf3 e4+ 34. Kg2 f4 35. Bg4 Ne1+ 36. Kg1 f3 37. Bf2 Nd3 38. Bd4 Bd2 39. Nb7 f2+
40. Kf1 Ne5+ 41. Be2 Bxe2+ 42. Kxe2 Ng4 43. Bxf2 Nxf2 44. Kxd2 Kf7 45. Ke3 Ng4+
46. Kxe4 Nxh2 47. Nc5 a5 48. Nb7 Nf1 49. Kf4 Ke6 50. Nxa5 Kd5 51. Nc4 Kc5 52.
Ne5 Nxg3 53. Kxg3 Kb4 1/2-1/2

[Event "Russian Championship B17 1st league 2016"]
[Site "Loo"]
[Date "2016.04.24"]
[Round "5.6"]
[White "Indzhiev, Aldar"]
[Black "Privorotsky, Oleg"]
[Result "1-0"]
[WhiteElo "2081"]
[BlackElo "1954"]
[PlyCount "99"]
[EventDate "2016.04.20"]

1. e4 c6 2. d4 g6 3. Nc3 Bg7 4. Be3 d5 5. f3 dxe4 6. fxe4 Nf6 7. h3 e5 8. dxe5
Qxd1+ 9. Rxd1 Nh5 10. Nf3 Nd7 11. e6 fxe6 12. Bc4 Ng3 13. Rg1 Nb6 14. Bd3 O-O
15. Bc5 Re8 16. Bd6 e5 17. a4 Be6 18. Ng5 Bc4 19. a5 Bxd3 20. Rxd3 Nc8 21. Bb4
Nh5 22. Ne2 h6 23. Nf3 b6 24. Rf1 Ne7 25. Bd6 Nc8 26. Bb4 bxa5 27. Bxa5 Rb8 28.
Bc3 g5 29. Nd2 Nb6 30. b3 Re6 31. g4 Nf4 32. Nxf4 exf4 33. Bxg7 Kxg7 34. Kf2 c5
35. Ra1 Rb7 36. Kf3 Rbe7 37. Ra6 Rc6 38. Rc3 Rd7 39. Ke2 Kf6 40. b4 Rdc7 41.
bxc5 Rxc5 42. Rxc5 Rxc5 43. Rxa7 Rxc2 44. Ra6 Rc6 45. Nf3 Ke7 46. Nd4 Rg6 47.
Kf3 Kf6 48. Nf5 Kf7 49. e5 Rc6 50. Nd6+ 1-0

[Event "Russian Championship B17 1st league 2016"]
[Site "Loo"]
[Date "2016.04.24"]
[Round "5.7"]
[White "Isagov, Nariman"]
[Black "Ovsyanyuk, Dmitriy"]
[Result "0-1"]
[WhiteElo "2057"]
[BlackElo "1928"]
[PlyCount "102"]
[EventDate "2016.04.20"]

1. d4 d5 2. c4 e5 3. dxe5 d4 4. Nf3 Nc6 5. g3 Nge7 6. Bg2 Ng6 7. Bf4 Be6 8.
Nbd2 Bc5 9. O-O Qe7 10. a3 a5 11. Qa4 O-O 12. Rfd1 Bd7 13. Qc2 a4 14. Qd3 Rfe8
15. b4 axb3 16. Nxb3 Rad8 17. Bg5 f6 18. exf6 gxf6 19. Bxf6 Qxf6 20. Nxc5 Bf5
21. Qd2 b6 22. Nd3 Na5 23. Qc2 Be6 24. Nd2 Bf7 25. Re1 c5 26. Rab1 Ne5 27. Nxe5
Rxe5 28. Be4 Kg7 29. h4 Bxc4 30. Nxc4 Nxc4 31. Qxc4 Rxe4 32. Rb3 Rde8 33. Qa6
R4e6 34. Rf3 Qxf3 35. exf3 Rxe1+ 36. Kg2 R1e6 37. Qb7+ Kf6 38. Qxh7 Rd6 39. Qd3
Rc8 40. g4 Ke7 41. Qh7+ Kd8 42. Qg8+ Kc7 43. Qf7+ Rd7 44. Qf4+ Kb7 45. Qe4+ Rc6
46. Qf5 Rcc7 47. Qe4+ Ka7 48. Kf1 d3 49. Ke1 Re7 50. Kd2 Rxe4 51. fxe4 Re7 0-1

[Event "Russian Championship B17 1st league 2016"]
[Site "Loo"]
[Date "2016.04.24"]
[Round "5.8"]
[White "Spiridonov, Evgeny"]
[Black "Dmitriev, Maksim"]
[Result "1/2-1/2"]
[WhiteElo "2057"]
[BlackElo "1919"]
[PlyCount "82"]
[EventDate "2016.04.20"]

1. d4 d5 2. c4 Nc6 3. e3 dxc4 4. Bxc4 e5 5. d5 Nce7 6. Nc3 a6 7. a4 Nf6 8. e4
Ng6 9. Nf3 Bd6 10. O-O O-O 11. Rb1 Bg4 12. Re1 Nh5 13. h3 Bd7 14. Ne2 h6 15.
Bd2 Qf6 16. b3 Bxh3 17. gxh3 Qxf3 18. Ng3 Qxd1 19. Rexd1 Nxg3 20. fxg3 b6 21.
Rf1 Ne7 22. Be3 Kh7 23. g4 Ng6 24. Kg2 f6 25. Kg3 Nf4 26. Bxf4 exf4+ 27. Kf3
Rfb8 28. Bd3 Kg8 29. Rfc1 Kf7 30. Rc6 a5 31. Bb5 Ke7 32. Rc2 g5 33. Bc6 Ra7 34.
Rh1 Rh8 35. h4 Kf7 36. Re2 Be5 37. Reh2 Kg7 38. hxg5 fxg5 39. Rh5 Kg6 40. Re1
Kg7 41. Rc1 Rd8 1/2-1/2

[Event "Russian Championship B17 1st league 2016"]
[Site "Loo"]
[Date "2016.04.24"]
[Round "5.9"]
[White "Veklich, Igor"]
[Black "Petrenko, Kirill"]
[Result "0-1"]
[WhiteElo "1914"]
[BlackElo "2050"]
[PlyCount "204"]
[EventDate "2016.04.20"]

1. e4 c5 2. Nf3 d6 3. d4 cxd4 4. Nxd4 Nf6 5. Nc3 a6 6. Be2 e5 7. Nb3 Be7 8. O-O
O-O 9. Be3 Be6 10. Qd2 b5 11. a4 b4 12. Nd5 Nxe4 13. Nxe7+ Qxe7 14. Qxb4 f5 15.
f3 Nf6 16. c4 Nc6 17. Qc3 Rfb8 18. Rfd1 d5 19. cxd5 Nxd5 20. Qxc6 Nxe3 21. Nc5
Nxd1 22. Rxd1 Bf7 23. Rd7 Qe8 24. Qd6 Rxb2 25. Re7 Qb8 26. Qxe5 Qxe5 27. Rxe5
Re8 28. Rxe8+ Bxe8 29. Bxa6 Rc2 30. Nb3 Bxa4 31. Nd4 Rc5 32. Bd3 Bd7 33. Kf2 g6
34. Kg3 Kg7 35. Ne2 Kf6 36. h4 Ra5 37. Nf4 Ke5 38. Bc2 Bb5 39. Bb3 Ra3 40. Bg8
Ra4 41. Nh3 h6 42. Bf7 f4+ 43. Kh2 Kf6 44. Bd5 Rd4 45. Bb7 g5 46. hxg5+ hxg5
47. Nf2 Bd7 48. Be4 Rd2 49. Kg1 Ke5 50. Bh7 Bf5 51. Bxf5 Kxf5 52. Ng4 Ra2 53.
Kh2 Ke6 54. Kh3 Ra3 55. Nf2 Kf5 56. Ng4 Kg6 57. Ne5+ Kh5 58. Ng4 Ra1 59. Kh2
Kh4 60. Nf6 Ra6 61. Ng4 Kh5 62. Kg1 Ra2 63. Kh2 Kg6 64. Kh3 Ra6 65. Kh2 Ra8 66.
Kg1 Rh8 67. Nf2 Kf5 68. Ng4 Ke6 69. Kf2 Ra8 70. Kg1 Kd5 71. Kf2 Kd4 72. Kf1 Ra2
73. Nf6 Kd3 74. Ng4 Ra6 75. Ne5+ Kd4 76. Ng4 Re6 77. Kf2 Kd3 78. Kf1 Kd4 79.
Kf2 Ra6 80. Kf1 Ra1+ 81. Kf2 Kd5 82. Nh6 Ke6 83. Ng4 Kf5 84. Nh6+ Kg6 85. Ng4
Kh5 86. Nh2 Kh4 87. Nf1 Ra2+ 88. Kg1 g4 89. fxg4 Kxg4 90. Nh2+ Kf5 91. Nf3 Ke4
92. Kh2 Ke3 93. Kh3 Kf2 94. Ng5 Ra4 95. Ne6 Ke3 96. Ng5 Ra6 97. Kg4 Rg6 98. Kf5
Rg8 99. Kg4 Rf8 100. Nh3 Rh8 101. Ng5 Rh2 102. g3 Rg2 0-1

[Event "Russian Championship B17 1st league 2016"]
[Site "Loo"]
[Date "2016.04.24"]
[Round "5.10"]
[White "Azimov, Ilyas"]
[Black "Poltoratskiy, Aleksandr"]
[Result "1-0"]
[WhiteElo "2154"]
[BlackElo "1798"]
[PlyCount "125"]
[EventDate "2016.04.20"]

1. e4 c5 2. Nf3 Nc6 3. d4 cxd4 4. Nxd4 Nf6 5. Nc3 e5 6. Ndb5 d6 7. Bg5 a6 8.
Na3 b5 9. Nd5 Be7 10. Bxf6 Bxf6 11. c3 Bg5 12. Bd3 Be6 13. Nc2 O-O 14. h4 Bh6
15. Nce3 Ne7 16. a4 Rb8 17. axb5 axb5 18. Qe2 Bxe3 19. Nxe3 b4 20. c4 Nc6 21.
f3 Nd4 22. Qf2 f5 23. exf5 Bxf5 24. Bxf5 Nxf5 25. Nd5 b3 26. Rh3 Rc8 27. Rc1
Qa5+ 28. Qd2 Qa7 29. Kf1 e4 30. f4 Rce8 31. Re1 Qc5 32. Qc3 e3 33. Qd3 Rc8 34.
g4 e2+ 35. Rxe2 Nd4 36. Ne7+ Kh8 37. Re4 Rce8 38. Qxd4 Qxd4 39. Rxd4 Rxe7 40.
Rxb3 h6 41. Rf3 Rfe8 42. Kf2 Re2+ 43. Kg3 Rxb2 44. Rc3 Re6 45. f5 Rf6 46. Rd5
g6 47. Rcd3 Rb6 48. Kf4 gxf5 49. Rxf5 Re6 50. Re3 Rg6 51. Re8+ Kg7 52. h5 Rg5
53. Rxg5+ hxg5+ 54. Kxg5 Rc6 55. Re7+ Kf8 56. Re6 Rc5+ 57. Kg6 Rxc4 58. g5 d5
59. h6 Rh4 60. Rd6 d4 61. h7 Ke7 62. Rxd4 Rh3 63. Kg7 1-0

[Event "Russian Championship B17 1st league 2016"]
[Site "Loo"]
[Date "2016.04.24"]
[Round "5.11"]
[White "Nerushev, Arseniy"]
[Black "Goltsev, Dmitry"]
[Result "0-1"]
[WhiteElo "1982"]
[BlackElo "2169"]
[PlyCount "120"]
[EventDate "2016.04.20"]

1. Nf3 d5 2. c4 c6 3. g3 Nf6 4. Bg2 Bg4 5. Ne5 dxc4 6. Nxg4 Nxg4 7. Na3 e6 8.
O-O Bc5 9. Qa4 Ne5 10. Qc2 Qd4 11. Rb1 Na6 12. b3 Nb4 13. Qb2 cxb3 14. Qxd4
Bxd4 15. Rxb3 Nd5 16. e3 Bb6 17. d4 Nd7 18. Nc4 O-O 19. e4 Nc7 20. a4 Rfb8 21.
Bf4 Rc8 22. Rd1 e5 23. a5 Bxd4 24. Nxe5 Bxe5 25. Rxd7 Bxf4 26. gxf4 Ne6 27. Re7
Nc5 28. Rc3 Kf8 29. Re5 b6 30. Rh5 h6 31. e5 Ne6 32. Rh4 Nd4 33. Rc4 Rd8 34.
Be4 b5 35. Rc5 b4 36. f5 b3 37. f6 b2 38. fxg7+ Kxg7 39. Rg4+ Kf8 40. Kh1 Ne6
41. Rxc6 Rd1+ 42. Rg1 Rxg1+ 43. Kxg1 Rb8 44. Bb1 Rd8 45. Kg2 Rd1 46. Rc8+ Kg7
47. Be4 Re1 48. Bf5 Rxe5 49. Bc2 Re2 50. Bf5 Kf6 51. Bh7 Kg7 52. Bf5 Nd4 53.
Bd3 Rd2 54. Be4 f5 55. Rc7+ Kf6 56. Bb1 Rd1 57. Ba2 Ra1 58. Rf7+ Kg6 59. Rxa7
Rxa2 60. Rb7 Ne2 0-1

[Event "Russian Championship B17 1st league 2016"]
[Site "Loo"]
[Date "2016.04.24"]
[Round "5.12"]
[White "Karelov, Pavel"]
[Black "Voinikonis, Nikita"]
[Result "1-0"]
[WhiteElo "1961"]
[BlackElo "2168"]
[PlyCount "79"]
[EventDate "2016.04.20"]

1. c4 e6 2. Nc3 d5 3. cxd5 exd5 4. d4 c6 5. Nf3 Bf5 6. Bf4 Bd6 7. Bxd6 Qxd6 8.
e3 Nf6 9. Bd3 Bxd3 10. Qxd3 Nbd7 11. O-O O-O 12. Rab1 a5 13. Rfc1 Nb6 14. Ne5
Rfe8 15. b3 Ne4 16. Qc2 Nxc3 17. Qxc3 Nd7 18. Nxd7 Qxd7 19. a3 Re6 20. b4 axb4
21. axb4 Rg6 22. Ra1 Re8 23. Qd3 h5 24. Kh1 h4 25. h3 Rf6 26. Kg1 g5 27. Qe2
Rg6 28. b5 f5 29. Ra7 Ree6 30. bxc6 Rxc6 31. Ra8+ Kg7 32. Rxc6 bxc6 33. Qh5 Qe7
34. Qh8+ Kf7 35. Qb8 Kf6 36. Ra7 Rg8 37. Qb6 Qe6 38. Rc7 Rc8 39. Rh7 Kg6 40.
Qb7 {далее запись неразбор~~ива} 1-0

[Event "Russian Championship B17 1st league 2016"]
[Site "Loo"]
[Date "2016.04.24"]
[Round "5.13"]
[White "Tokmashov, Maxim"]
[Black "Maximov, Kirill"]
[Result "0-1"]
[WhiteElo "2145"]
[BlackElo "1844"]
[PlyCount "94"]
[EventDate "2016.04.20"]

1. d4 Nf6 2. c4 e6 3. g3 Bb4+ 4. Bd2 Bxd2+ 5. Qxd2 d5 6. Nf3 O-O 7. Bg2 Qe7 8.
O-O Rd8 9. Qc2 b6 10. Nc3 Bb7 11. Ne5 Na6 12. Rfd1 c5 13. cxd5 exd5 14. e3 Nb4
15. Qa4 Ne4 16. a3 Nxc3 17. bxc3 Na6 18. Nd3 c4 19. Nf4 Nc7 20. Re1 Ne6 21. Nh3
f5 22. f3 Ng5 23. Nf2 Qe8 24. Qc2 Qg6 25. h4 Nf7 26. Kh2 Nd6 27. Re2 Re8 28.
Rae1 Re7 29. Qa4 Rae8 30. Nh3 Qf6 31. Qb4 g6 32. a4 h6 33. a5 b5 34. Qc5 a6 35.
Nf4 g5 36. Nxd5 Bxd5 37. Qxd5+ Kg7 38. hxg5 hxg5 39. Kg1 f4 40. e4 Nf5 41. e5
Qg6 42. e6 Ne3 43. Qe5+ Qf6 44. Qxf6+ Kxf6 45. Bh3 Rh7 46. Bg4 Reh8 47. Rxe3
Rh1+ 0-1

[Event "Russian Championship B17 1st league 2016"]
[Site "Loo"]
[Date "2016.04.24"]
[Round "5.14"]
[White "Lilov, Aleksandr"]
[Black "Levenshtein, Mark"]
[Result "1-0"]
[WhiteElo "1935"]
[BlackElo "2062"]
[PlyCount "95"]
[EventDate "2016.04.20"]

1. e4 c6 2. d4 d5 3. e5 Bf5 4. h4 h6 5. g4 Bh7 6. Bd3 Bxd3 7. Qxd3 e6 8. f4 h5
9. f5 hxg4 10. fxe6 fxe6 11. Qg6+ Kd7 12. Qxg4 Nh6 13. Bxh6 Rxh6 14. Nf3 Qe8
15. Nbd2 Qg6 16. Qxg6 Rxg6 17. O-O-O Na6 18. Rdg1 Rxg1+ 19. Rxg1 c5 20. Rg6 Nb4
21. c3 Nd3+ 22. Kc2 c4 23. b3 b5 24. Nf1 Ke7 25. Ne3 Kf7 26. Rg1 Be7 27. bxc4
bxc4 28. Rb1 a5 29. Rb7 Kf8 30. Ng4 a4 31. Kd2 Ba3 32. Ng5 Bc1+ 33. Ke2 Bxg5
34. hxg5 a3 35. Ke3 Nc1 36. Nf6 gxf6 37. exf6 Kg8 38. Rg7+ Kh8 39. g6 Rf8 40.
Rh7+ Kg8 41. f7+ Rxf7 42. Rxf7 Nd3 43. Ra7 Ne1 44. Kf4 Nd3+ 45. Kg5 Nf2 46.
Rxa3 Kg7 47. Ra7+ Kg8 48. g7 1-0

[Event "Russian Championship B17 1st league 2016"]
[Site "Loo"]
[Date "2016.04.24"]
[Round "5.15"]
[White "Tchentsov, Daniil"]
[Black "Shcherbashin, Victor"]
[Result "0-1"]
[WhiteElo "1802"]
[BlackElo "2057"]
[PlyCount "98"]
[EventDate "2016.04.20"]

1. d4 d5 2. c4 e6 3. Nf3 Nf6 4. e3 Be7 5. Bd3 O-O 6. Nbd2 Nbd7 7. b3 b6 8. Bb2
Bb7 9. Qc2 h6 10. O-O c5 11. Ne5 dxc4 12. bxc4 cxd4 13. exd4 Nxe5 14. dxe5 Nd7
15. Ne4 Nc5 16. Rad1 Nxe4 17. Bxe4 Bxe4 18. Qxe4 Qc7 19. f4 Rac8 20. Rc1 g6 21.
Rf3 Rfd8 22. Rg3 Kh7 23. Rd3 Rxd3 24. Qxd3 Rd8 25. Qe2 Bc5+ 26. Kh1 Qd7 27. Bc3
Ba3 28. Re1 Qd3 29. Qxd3 Rxd3 30. Ba1 Rd2 31. h3 Rxa2 32. Rd1 Kg7 33. Kh2 Bc5
34. Bd4 Bxd4 35. Rxd4 Ra4 36. Rd7 Rxc4 37. Rxa7 Rxf4 38. Rb7 Rb4 39. Kg3 g5 40.
Kf3 Kg6 41. g4 Rb3+ 42. Kg2 b5 43. Rb8 b4 44. Kf2 Rxh3 45. Rxb4 h5 46. gxh5+
Kxh5 47. Rb8 Ra3 48. Rb7 Kg6 49. Rc7 Ra5 0-1

[Event "Russian Championship B17 1st league 2016"]
[Site "Loo"]
[Date "2016.04.24"]
[Round "5.16"]
[White "Anchutin, Nikita"]
[Black "Zakharov, Nikolay A"]
[Result "1/2-1/2"]
[WhiteElo "2142"]
[BlackElo "1942"]
[PlyCount "79"]
[EventDate "2016.04.20"]

1. d4 d5 2. Nf3 e6 3. g3 Nf6 4. Bg2 Be7 5. O-O O-O 6. c4 dxc4 7. Qc2 a6 8. a4
Bd7 9. Rd1 Nc6 10. Qxc4 Na5 11. Qc2 Bc6 12. Nc3 Nd5 13. e4 Nb4 14. Qe2 Nb3 15.
Rb1 Nxc1 16. Rbxc1 b6 17. d5 exd5 18. exd5 Bb7 19. Nd4 Bc5 20. Nc6 Qe8 21. Qxe8
Rfxe8 22. Ne4 Bxc6 23. dxc6 Bf8 24. Rd7 f5 25. Nd2 Rad8 26. Nb3 Bd6 27. a5 bxa5
28. Rxd8 Rxd8 29. Nxa5 Be7 30. Nc4 g6 31. Kf1 Bf6 32. Ke2 Kg7 33. f4 Re8+ 34.
Kd2 Rd8+ 35. Ke2 Re8+ 36. Kd2 Rd8+ 37. Ke2 Re8+ 38. Kd2 Rd8+ 39. Ke2 Re8+ 40.
Kd2 1/2-1/2

[Event "Russian Championship B17 1st league 2016"]
[Site "Loo"]
[Date "2016.04.24"]
[Round "5.17"]
[White "Navrodskiy, Boris"]
[Black "Maltsevskiy, Nikolay"]
[Result "1-0"]
[WhiteElo "2091"]
[BlackElo "1889"]
[PlyCount "49"]
[EventDate "2016.04.20"]

1. d4 Nf6 2. c4 g6 3. Nc3 Bg7 4. e4 d6 5. Nf3 O-O 6. Be2 e5 7. O-O Nc6 8. d5
Ne7 9. b4 a5 10. bxa5 Rxa5 11. a4 Nd7 12. Ba3 f5 13. Ng5 Nf6 14. Bf3 fxe4 15.
Ngxe4 Nxe4 16. Nxe4 Nf5 17. Bb4 Ra8 18. Bg4 Nd4 19. Bxc8 Rxc8 20. f3 Bh6 21.
Ra3 c6 22. Bxd6 cxd5 23. cxd5 Qb6 24. Qb1 Nc2+ 25. Qxb6 1-0

[Event "Russian Championship B17 1st league 2016"]
[Site "Loo"]
[Date "2016.04.24"]
[Round "5.18"]
[White "Tyatyushkin, Danil"]
[Black "Kuzmin, Ivan"]
[Result "1/2-1/2"]
[WhiteElo "2028"]
[BlackElo "1858"]
[PlyCount "83"]
[EventDate "2016.04.20"]

1. e4 c6 2. d4 d5 3. e5 c5 4. c3 Nc6 5. Nf3 Bg4 6. Be2 e6 7. Be3 Qb6 8. Qd2
Nge7 9. O-O Nf5 10. a3 Bxf3 11. Bxf3 cxd4 12. cxd4 Ncxd4 13. b4 Nxf3+ 14. gxf3
d4 15. Bf4 g5 16. Bxg5 Rg8 17. Kh1 Qc6 18. Qf4 h6 19. Bf6 Be7 20. Bxe7 Kxe7 21.
Nd2 Rac8 22. Ne4 Qa4 23. Nd6 Rc3 24. Nxf5+ exf5 25. Qxd4 Qc6 26. Qd6+ Qxd6 27.
exd6+ Kxd6 28. Rad1+ Ke5 29. Rd7 Rxf3 30. Rxf7 Rxa3 31. Rxb7 Kf4 32. Rb5 Rg5
33. Rg1 Ra2 34. Rxg5 hxg5 35. Kg2 Rb2 36. Ra5 Rxb4 37. Rxa7 Rc4 38. Ra8 Rb4 39.
Ra7 g4 40. Ra5 Rb3 41. Ra4+ Kg5 42. Ra5 1/2-1/2

[Event "Russian Championship B17 1st league 2016"]
[Site "Loo"]
[Date "2016.04.24"]
[Round "5.19"]
[White "Kravchenko, Daniil"]
[Black "Kirillov, Konstantin"]
[Result "1-0"]
[WhiteElo "1876"]
[BlackElo "2002"]
[PlyCount "87"]
[EventDate "2016.04.20"]

1. d4 Nf6 2. c4 e6 3. Nc3 Bb4 4. Qb3 c5 5. dxc5 Bxc5 6. Nf3 O-O 7. Bg5 Nc6 8.
e3 b6 9. a3 Be7 10. Be2 Bb7 11. Rd1 Na5 12. Qa2 a6 13. O-O Qc7 14. Bf4 d6 15.
b4 Nc6 16. Bg3 Ne5 17. Nxe5 dxe5 18. f3 Nh5 19. Bf2 Bd6 20. e4 Nf4 21. Na4
Nxe2+ 22. Qxe2 b5 23. Nb6 Rad8 24. cxb5 axb5 25. Qxb5 f5 26. Bh4 Rb8 27. Rc1
Qf7 28. Qd7 Ba6 29. Qxd6 Bxf1 30. Nd7 Rbd8 31. Bxd8 Rxd8 32. Rxf1 Qxd7 33. Qxe5
Ra8 34. exf5 exf5 35. Qe3 Qb5 36. h3 h6 37. Rc1 Re8 38. Qb3+ Kh8 39. Qf7 Qe5
40. Qb3 Qd4+ 41. Kh1 Qf2 42. Qc3 Qe3 43. Qxe3 Rxe3 44. a4 1-0

[Event "Russian Championship B17 1st league 2016"]
[Site "Loo"]
[Date "2016.04.24"]
[Round "5.20"]
[White "Nakonechny, Ignat"]
[Black "Chudiniv, Andrey"]
[Result "1-0"]
[WhiteElo "1857"]
[BlackElo "1986"]
[PlyCount "87"]
[EventDate "2016.04.20"]

1. e4 d6 2. d4 Nf6 3. Nc3 Nbd7 4. g3 e5 5. Nge2 c6 6. Bg2 b5 7. a3 a5 8. O-O
Ba6 9. Re1 b4 10. Nb1 Be7 11. h3 O-O 12. Be3 Qc7 13. g4 d5 14. dxe5 Nxe4 15. f3
Bc5 16. Bxc5 Nexc5 17. f4 f5 18. gxf5 Rxf5 19. Bxd5+ Kh8 20. Bg2 Bxe2 21. Qxe2
Rxf4 22. axb4 Rxb4 23. c3 Rbb8 24. b4 axb4 25. Rxa8 Rxa8 26. cxb4 Ne6 27. Qe4
Rc8 28. Nc3 c5 29. Nb5 Qb6 30. Nd6 cxb4+ 31. Kh1 Rf8 32. Qg4 Ndc5 33. Bd5 Rf4
34. Qg2 Nc7 35. Rg1 g6 36. Bc4 b3 37. Rf1 N7e6 38. Rxf4 Nxf4 39. Qg5 Qc6+ 40.
Kh2 Nfe6 41. Qf6+ Kg8 42. Bxe6+ Nxe6 43. Qxe6+ Kg7 44. Nf5+ 1-0

[Event "Russian Championship B17 1st league 2016"]
[Site "Loo"]
[Date "2016.04.24"]
[Round "5.21"]
[White "Tretyakov, Stepan"]
[Black "Efimenko, Aleksandr"]
[Result "1-0"]
[WhiteElo "1967"]
[BlackElo "1819"]
[PlyCount "159"]
[EventDate "2016.04.20"]

1. d4 d5 2. c4 e6 3. Nc3 c6 4. Nf3 dxc4 5. a4 Bb4 6. e4 b5 7. Bd2 a5 8. b3 Bxc3
9. Bxc3 b4 10. Bd2 c3 11. Bg5 Ne7 12. Bd3 Ba6 13. O-O O-O 14. Bh4 h6 15. Ne5
Bxd3 16. Qxd3 Qe8 17. Qc4 Nc8 18. Qc5 Nd7 19. Qxc6 Ncb6 20. Nd3 Qc8 21. Qb5 Qa6
22. Nc5 Qxb5 23. axb5 Rfc8 24. Be7 e5 25. Nxd7 Nxd7 26. dxe5 Nxe5 27. b6 Re8
28. Bd6 Nd7 29. b7 Ra7 30. b8=Q Nxb8 31. Bxb4 Rb7 32. Bxc3 Rxb3 33. Bxa5 Rxe4
34. Rfc1 Rb7 35. Rd1 Nd7 36. h3 Nf6 37. Bd8 Re6 38. Ra3 Rd7 39. Rxd7 Nxd7 40.
g3 Ne5 41. Rc3 Nc6 42. Bc7 Nd4 43. Rd3 Nf5 44. g4 Ne7 45. Kg2 Kh7 46. f4 f5 47.
Kf3 Kg6 48. Be5 Kf7 49. Rd7 g6 50. Kg3 Ke8 51. Rb7 Kf7 52. Bd4 Re4 53. Bc5 Kf6
54. Bd6 Re3+ 55. Kf2 Re6 56. Be5+ Kf7 57. Kg3 Ra6 58. Kh4 Ke6 59. Bg7 fxg4 60.
hxg4 h5 61. gxh5 gxh5 62. Kxh5 Nd5 63. Kg5 Nxf4 64. Kxf4 Ra4+ 65. Ke3 Rg4 66.
Bd4 Kd5 67. Rb5+ Kc4 68. Rc5+ Kb4 69. Rc8 Rg3+ 70. Ke4 Rg4+ 71. Kd5 Rg5+ 72.
Be5 Kb3 73. Rc3+ Kb4 74. Rc2 Kb3 75. Rb2+ Ka3 76. Rb8 Rh5 77. Kd4 Rh4+ 78. Kc3
Rh3+ 79. Kc4 Rh4+ 80. Bd4 1-0

[Event "Russian Championship B17 1st league 2016"]
[Site "Loo"]
[Date "2016.04.24"]
[Round "5.22"]
[White "Tsukhaev, Isa"]
[Black "Tchebalkin, Evgeny"]
[Result "0-1"]
[WhiteElo "1723"]
[BlackElo "1945"]
[PlyCount "60"]
[EventDate "2016.04.20"]

1. e4 e6 2. d4 c5 3. d5 d6 4. c4 exd5 5. exd5 Nf6 6. Nc3 g6 7. Nf3 Bg7 8. Bd3
O-O 9. O-O Bg4 10. h3 Bxf3 11. Qxf3 Nfd7 12. Bf4 Ne5 13. Bxe5 Bxe5 14. Rab1 Nd7
15. Rfe1 Qa5 16. Rec1 Rae8 17. a3 f5 18. Nb5 a6 19. b4 Qd8 20. Nc3 Qg5 21. Na4
Bd4 22. Rf1 Ne5 23. Qd1 f4 24. Kh1 f3 25. g3 Qh5 26. h4 g5 27. Rg1 Kh8 28. Be4
gxh4 29. g4 Nxg4 30. Rxg4 Qxg4 0-1

[Event "Russian Championship B17 1st league 2016"]
[Site "Loo"]
[Date "2016.04.24"]
[Round "5.23"]
[White "Getman, Dmitriy"]
[Black "Chudinov, Igor"]
[Result "1/2-1/2"]
[WhiteElo "1716"]
[BlackElo "1936"]
[PlyCount "95"]
[EventDate "2016.04.20"]

1. d4 d6 2. Nf3 Nf6 3. c4 g6 4. Nc3 Bg7 5. e4 O-O 6. h3 Na6 7. Be3 Qe8 8. a3 e5
9. dxe5 dxe5 10. Bd3 c6 11. b4 Qe7 12. Bg5 h6 13. Bxf6 Qxf6 14. O-O Rd8 15. Qe2
Be6 16. Rfd1 Rd7 17. Ra2 Rad8 18. Rad2 Bf8 19. c5 Nc7 20. Bc2 Rxd2 21. Rxd2
Rxd2 22. Nxd2 Qd8 23. Qd3 Be7 24. Qxd8+ Bxd8 25. Kf1 Bg5 26. Ke2 Kf8 27. Kd3
Ke7 28. Ne2 Bxd2 29. Kxd2 f5 30. f3 Kf6 31. Nc3 h5 32. Bd3 Kg5 33. Ke3 f4+ 34.
Kf2 Bd7 35. Bc4 Ne6 36. Bxe6 Bxe6 37. a4 Kf6 38. a5 Bc4 39. Ke1 Ke6 40. Kf2 h4
41. Ke1 Kd7 42. Kf2 Kc7 43. Kg1 Bb3 44. Kf1 b6 45. cxb6+ axb6 46. axb6+ Kxb6
47. Ke1 Bc4 48. Kf2 1/2-1/2

[Event "Russian Championship B17 1st league 2016"]
[Site "Loo"]
[Date "2016.04.24"]
[Round "5.24"]
[White "Rozmanov, Aleksandr"]
[Black "Sokolov, Ilia"]
[Result "1-0"]
[WhiteElo "1927"]
[BlackElo "1764"]
[PlyCount "81"]
[EventDate "2016.04.20"]

1. e4 e6 2. Nf3 d5 3. Nc3 Nf6 4. e5 Nfd7 5. d4 Be7 6. Bf4 b6 7. Bd3 Ba6 8. O-O
Bxd3 9. cxd3 O-O 10. a3 c5 11. dxc5 bxc5 12. d4 c4 13. b4 cxb3 14. Qxb3 Qb6 15.
Rab1 Nc6 16. Nxd5 exd5 17. Qxd5 Qc7 18. Rfc1 Rac8 19. e6 Nf6 20. exf7+ Kh8 21.
Qf5 Qd7 22. Qxd7 Nxd7 23. Rb7 Ncb8 24. Rxc8 Rxc8 25. Ne5 Bd6 26. g3 Nxe5 27.
dxe5 Bxa3 28. e6 Nc6 29. Bg5 Rf8 30. Rc7 h6 31. Rxc6 hxg5 32. Ra6 Bc5 33. Ra5
Bb4 34. Rxg5 Kh7 35. f4 Ra8 36. f5 Kh6 37. Rg6+ Kh7 38. Rg4 Be7 39. Rc4 g6 40.
Rc7 Bf8 41. f6 1-0

[Event "Russian Championship B17 1st league 2016"]
[Site "Loo"]
[Date "2016.04.24"]
[Round "5.25"]
[White "Khmelev, Mikhail"]
[Black "Shelushpanov, Nikolai"]
[Result "1-0"]
[WhiteElo "1917"]
[BlackElo "1536"]
[PlyCount "31"]
[EventDate "2016.04.20"]

1. e4 e5 2. Nf3 Nc6 3. d4 exd4 4. Nxd4 Qf6 5. Nb5 Qd8 6. Bf4 d6 7. N1c3 a6 8.
Nd4 Qf6 9. Be3 g6 10. Nxc6 Qe6 11. Nd4 Qe7 12. Nd5 Qd7 13. Be2 Bg7 14. Bg4 Qd8
15. Bxc8 Rxc8 16. c3 1-0

[Event "Russian Championship B17 1st league 2016"]
[Site "Loo"]
[Date "2016.04.24"]
[Round "5.26"]
[White "Zabolotnov, Evgeny"]
[Black "Kiyashko, Andrey"]
[Result "1-0"]
[WhiteElo "2010"]
[BlackElo "1653"]
[PlyCount "33"]
[EventDate "2016.04.20"]

1. d4 d5 2. c4 e6 3. Nc3 Nf6 4. cxd5 exd5 5. Bg5 Be7 6. e3 O-O 7. Bd3 c6 8. Qc2
Nbd7 9. h3 Re8 10. Bf4 Nf8 11. Nf3 Ng6 12. Bh2 Be6 13. O-O-O a6 14. Kb1 Rc8 15.
Ng5 Qd7 16. Nxe6 Qxe6 17. Bf5 1-0

[Event "Russian Championship B17 1st league 2016"]
[Site "Loo"]
[Date "2016.04.24"]
[Round "5.27"]
[White "Natarov, Ilya"]
[Black "Veligjanin, Andrey"]
[Result "0-1"]
[WhiteElo "1767"]
[BlackElo "1922"]
[PlyCount "60"]
[EventDate "2016.04.20"]

1. d4 d6 2. c4 f5 3. Nc3 Nf6 4. g3 g6 5. Bg2 Bg7 6. Nf3 O-O 7. O-O e6 8. Qc2
Nc6 9. Rd1 Qe7 10. d5 Nd8 11. dxe6 Nxe6 12. Nd5 Qf7 13. Be3 Ng4 14. Bd4 Nxd4
15. Nxd4 Kh8 16. e3 Ne5 17. Rac1 g5 18. b3 c6 19. Nc3 f4 20. exf4 gxf4 21. Be4
Qh5 22. Qe2 f3 23. Qf1 Bh3 24. Qe1 Rf6 25. Qe3 Bh6 26. Qe1 Bxc1 27. Rxc1 Bg2
28. h4 Qg4 29. Nxf3 Bxf3 30. Bxf3 Nxf3+ 0-1

[Event "Russian Championship B17 1st league 2016"]
[Site "Loo"]
[Date "2016.04.24"]
[Round "5.28"]
[White "Shastitko, Danil"]
[Black "Belov, Aleksey"]
[Result "1-0"]
[WhiteElo "1809"]
[BlackElo "1612"]
[PlyCount "49"]
[EventDate "2016.04.20"]

1. e4 e6 2. d4 d5 3. Nd2 c5 4. exd5 Qxd5 5. dxc5 Bxc5 6. Ngf3 Nf6 7. c4 Qd6 8.
Qc2 Nc6 9. a3 a5 10. Nb3 Ba7 11. c5 Qe7 12. Bb5 Bd7 13. O-O Rc8 14. Rd1 h6 15.
Bf4 b6 16. Bd6 Qd8 17. Ba6 Nd5 18. Bxc8 Qxc8 19. Qe2 Nce7 20. Rac1 Qb7 21. Qd3
Bc6 22. Bxe7 Kxe7 23. Ne5 a4 24. Nd4 Be8 25. c6 1-0